[Event "II Marcelo Salado Cup Gp A"]
[Site "Santa Clara CUB"]
[Date "2003.02.04"]
[Round "2"]
[White "Huerta,Da"]
[Black "Ruiz,O"]
[Result "1/2-1/2"]
[WhiteElo "2278"]
[BlackElo "2216"]

1.c4 c6 2.d4 d5 3.Nc3 dxc4 4.Nf3 Nf6 5.e3 Bf5 6.Ne5 Nbd7 7.Nxc4 Nb6 8.Nxb6 Qxb6
9.Qb3 Qxb3 10.axb3 Be6 11.Bc4 Bxc4 12.bxc4 e6 13.Bd2 Bb4  1/2-1/2

[Event "Gibraltar Masters"]
[Site "Catalan Bay ENG"]
[Date "2003.02.05"]
[Round "9"]
[White "Thompson,I"]
[Black "Tissir,M"]
[Result "1/2-1/2"]
[WhiteElo "2256"]
[BlackElo "2366"]

1.c4 c6 2.Nf3 d5 3.e3 Nf6 4.Nc3 a6 5.b3 Bg4 6.Be2 e6 7.h3 Bh5 8.O-O Nbd7
9.d4 b5 10.a3 Be7 11.Nd2 Bxe2 12.Qxe2 bxc4 13.bxc4 dxc4 14.Nxc4 c5 15.Rd1 cxd4
16.exd4 Qc7 17.Bb2 Rc8 18.Ne3 O-O 19.d5 Bc5 20.dxe6 fxe6 21.Qxa6 Kh8 22.Re1 Qf4
23.Ne2 Qh4 24.g3 Qe4 25.Nf4 Rc6 26.Qd3 e5 27.Qxe4 Nxe4 28.Nd3 Ba7 29.Kg2 h5
30.Re2 Rcf6 31.f4 Rg6 32.Nf1 Nxg3 33.Nxg3 exf4 34.Nxf4 Rxf4 35.Rd1 h4 36.Rxd7 Rxg3+
37.Kh2 Bg1+ 38.Kh1 Bc5 39.Kh2 Rf1 40.Be5 Bg1+ 41.Kh1 Bd4+ 42.Kh2 Bxe5 43.Rxe5 Rf2+
44.Kh1 Rxa3 45.Rh5+ Kg8 46.Rg5 Rxh3+ 47.Kg1 Rf7 48.Rd4 Rff3 49.Rd8+ Kh7 50.Rh5+ Kg6
51.Ra5 Rhg3+ 52.Kh2 Rf2+ 53.Kh1 Re3 54.Rd6+ Rf6 55.Rd4 Rh3+ 56.Kg2 Rg3+ 57.Kh2 Rf2+
58.Kh1 h3 59.Ra6+ Rf6 60.Ra5 Rg2 61.Rd1 Rff2 62.Rd6+ Rf6 63.Rd1 Rg3 64.Kh2 Re3
65.Rg1+ Kh6 66.Rag5 Rf2+ 67.Kh1 h2 68.Rg6+ Kh5 69.R6g5+ Kh4 70.R5g4+ Kh3
71.R4g3+ Rxg3 72.Rxg3+ Kxg3  1/2-1/2

[Event "II Marcelo Salado Cup Gp B"]
[Site "Santa Clara CUB"]
[Date "2003.02.05"]
[Round "3"]
[White "Placencia Perdigon,L"]
[Black "Perez Rodriguez,J"]
[Result "1/2-1/2"]
[WhiteElo "2150"]
[BlackElo "1965"]

1.c4 c6 2.Nc3 d5 3.cxd5 cxd5 4.d4 Nf6 5.Nf3 Nc6 6.Ne5 Qb6 7.Nxc6 bxc6 8.g3 Bf5
9.Bg2 e6 10.O-O Be7 11.Na4 Qb5 12.b3 O-O 13.Bb2 Nd7 14.Rc1 Rac8 15.Qd2 Rfe8
16.Rfd1 Bf6 17.Nc5 Nxc5 18.Rxc5 Qb6 19.Rcc1 Be7 20.Bc3 Ba3 21.Bb2 Be7 22.e3 a5
23.Bc3 Bb4 24.Qb2 Re7 25.f3 Rec7 26.Kh1 Bxc3 27.Rxc3 c5 28.e4 dxe4 29.fxe4 Bg4
30.dxc5 Rxc5 31.Rdc1 Rxc3 32.Rxc3 Rd8 33.Qc2 e5 34.h3 Be6 35.Rd3 Rc8 36.Rc3 Rd8
37.Rd3 Rc8 38.Qd2 h6 39.Kh2 Qc5 40.Rd8+ Rxd8 41.Qxd8+ Kh7 42.Qd2 Qa3 43.Qc2 Qb4
44.Qb2 a4 45.Qxe5 axb3 46.axb3 Qxb3 47.Qd4 Qc4  1/2-1/2

[Event "II Marcelo Salado Cup Gp A"]
[Site "Santa Clara CUB"]
[Date "2003.02.07"]
[Round "7"]
[White "Fernandez,Alex"]
[Black "Marrero,Y"]
[Result "1-0"]
[WhiteElo "2373"]
[BlackElo "2226"]

1.c4 c6 2.e4 d5 3.cxd5 cxd5 4.exd5 Qxd5 5.Nc3 Qa5 6.Nf3 Nf6 7.d4 e6 8.Bd2 Be7
9.Bb5+ Bd7 10.Nd5 Qd8 11.Bxd7+ Nbxd7 12.Nxe7 Qxe7 13.Qb3 Nb6 14.Bb4 Qd7 15.O-O Qa4
16.Qxa4+ Nxa4 17.Rac1 Nd5 18.Ba3 f6 19.Nd2 b5 20.Bc5 a6 21.b3 Nac3 22.Rfe1 Kd7
23.a3 g5 24.Rc2 g4 25.Kf1 f5 26.Rec1 Ne4 27.Nxe4 fxe4 28.Re1 Nf6 29.f3 exf3
30.gxf3 gxf3 31.Re3 Rag8 32.Rxf3 Rg6 33.Ke2 Rg2+ 34.Kd3 Rxc2 35.Kxc2 Ne4
36.Rf7+ Kc6 37.Bb4 h5 38.Kd3 Ng5 39.Ra7 a5 40.Rxa5 Nf3 41.Ra6+ Kd7 42.Rd6+ Kc7
43.Rxe6 Nxh2 44.d5 Ng4 45.Re7+ Kb6 46.Kd4 Ra8 47.Bc5+ Ka6 48.d6 Nf6 49.d7 Nxd7
50.Rxd7 h4 51.Rh7 Rd8+ 52.Kc3  1-0

[Event "11th Aosta Open"]
[Site "Saint Vincent ITA"]
[Date "2003.02.09"]
[Round "2"]
[White "Contin,D"]
[Black "Fontaine,R"]
[Result "0-1"]
[WhiteElo "2330"]
[BlackElo "2529"]

1.c4 c6 2.Nf3 d5 3.e3 Nf6 4.d4 a6 5.Bd3 dxc4 6.Bxc4 b5 7.Be2 Bb7 8.O-O e6
9.a4 Nbd7 10.b3 Bd6 11.Ba3 Qe7 12.Qc1 b4 13.Bb2 c5 14.Nbd2 cxd4 15.Nxd4 Rc8
16.Nc4 O-O 17.Qd1 Bb8 18.Bf3 Ne4 19.Qe2 Ndc5 20.Rfd1 Qc7 21.g3 e5 22.Nf5 Nxb3
23.Bxe4 Bxe4 24.Nfd6 Nxa1 25.Nxc8 Qxc8 26.Bxa1 Qf5 27.f4 exf4 28.exf4 Bc2
29.Rd2 Bxa4 30.Qe7 Qe6 31.Qxe6 fxe6 32.Rb2 Ba7+ 33.Kg2 Bd4 34.Ra2 Bb3 35.Bxd4 Bxa2
36.Na5 Rd8  0-1

[Event "II Marcelo Salado Cup Gp B"]
[Site "Santa Clara CUB"]
[Date "2003.02.10"]
[Round "10"]
[White "Gil Hector,L"]
[Black "Perez Rodriguez,J"]
[Result "1-0"]
[WhiteElo "2237"]
[BlackElo "1965"]

1.c4 c6 2.e4 d5 3.exd5 cxd5 4.d4 Nf6 5.Nc3 Nc6 6.Nf3 Bg4 7.cxd5 Nxd5 8.Qb3 Bxf3
9.gxf3 Nxc3 10.bxc3 Qb6 11.Be3 e6 12.Rb1 Qxb3 13.axb3 Bd6 14.Bd3 Rc8 15.Ke2 Ne7
16.c4 Ng6 17.Be4 b6 18.Ra1 a5 19.h4 f5 20.Bb7 Rc7 21.Ba6 Kf7 22.h5 Ne7 23.f4 Bb4
24.Rad1 Rb8 25.Bb5 Nc8 26.d5 Nd6 27.Bc6 Kf8 28.Rc1 Ne4 29.Bd4 Re7 30.h6 g6
31.Bg7+ Kf7 32.Be5 Rc8 33.dxe6+ Kxe6 34.Bd5+ Kd7 35.Rhd1 Ke8 36.Bxe4 fxe4
37.Rd5 Bc5 38.Rcd1 Rf7 39.Bd6 Bxd6 40.Rxd6 Rxf4 41.Rd7 Rf7 42.Rxf7 Kxf7 43.Rd7+ Kf6
44.Rxh7 Kg5 45.Rb7 Kxh6 46.Rxb6 a4 47.Ke3 axb3 48.Kd4 Rf8 49.c5 Rxf2 50.Rxb3 Rc2
51.Rc3 Rd2+ 52.Kxe4 Kg7 53.c6 Rd8 54.Ke5 Kf7 55.Rf3+ Ke7 56.Rh3 Rc8 57.Kd5 Rd8+
58.Kc5 Rc8 59.Rf3 Ke6 60.Kb6 Kd6 61.Rf6+ Ke7 62.Rxg6 Rb8+  1-0

[Event "11th Aosta Open"]
[Site "Saint Vincent ITA"]
[Date "2003.02.14"]
[Round "7"]
[White "Voiska,M"]
[Black "Prie,E"]
[Result "1/2-1/2"]
[WhiteElo "2343"]
[BlackElo "2446"]

1.c4 c6 2.e4 d5 3.exd5 Nf6 4.Nf3 cxd5 5.cxd5 Nxd5 6.Nc3 e6 7.d4 Be7 8.Bd3 O-O
9.O-O Nc6 10.Re1 Bf6 11.Be4 Nce7 12.Bg5 Bxg5 13.Nxg5 h6 14.Bh7+ Kh8 15.Bb1 Nf6
16.Nge4 Nxe4 17.Bxe4 Qb6 18.Qb3 Qxb3 19.axb3 Rd8 20.Red1 Kg8 21.g3 Kf8 22.Ra5 a6
23.Raa1 Rb8 24.d5 exd5 25.Nxd5 Nxd5 26.Rxd5 Re8 27.Rd4 Be6 28.b4 Rec8 29.Rad1 Rc7
30.Kg2 Ke7 31.Bd5 Rd8 32.Bxe6 Rxd4 33.Rxd4 Kxe6 34.b5 axb5 35.Rb4 Rc5 36.h4 Kd6
37.Kf3 Kc6 38.Rf4 f6 39.Re4 Rf5+ 40.Ke3 Kd6 41.b4 g5 42.hxg5 hxg5 43.g4 Re5
44.f4 gxf4+ 45.Kxf4 Rd5 46.Re1 Rd4+ 47.Re4 Rd1 48.Kf5 Rf1+ 49.Rf4 Rxf4+ 50.Kxf4 Ke6
51.Ke4 Ke7 52.Kd5 Kf7 53.Kc5 Kg6 54.Kxb5 Kg5 55.Kb6 Kxg4 56.Kxb7 f5 57.b5 f4
58.b6 f3 59.Ka7  1/2-1/2

[Event "TCh-CZE 2002-3"]
[Site "Czech Rep CZE"]
[Date "2003.02.15"]
[Round "6"]
[White "Stocek,J"]
[Black "Zurek,M"]
[Result "0-1"]
[WhiteElo "2563"]
[BlackElo "2446"]

1.c4 c6 2.e4 d5 3.exd5 Nf6 4.d4 cxd5 5.Nc3 Nc6 6.Bg5 Be6 7.Be2 Qa5 8.Nf3 dxc4
9.O-O Rd8 10.Re1 b5 11.Qc1 b4 12.Bxf6 bxc3 13.d5 Bxd5 14.Bxc3 Qc5 15.Qf4 e6
16.Rad1 Bd6 17.Qg4 Ne7 18.Qxg7 Rg8 19.Qxh7 Rg6 20.g3 Nf5 21.Ne5 Bxe5 22.Bxe5 Rh6
23.Qg8+ Ke7 24.Qg5+ f6 25.Bd4 Qc6 26.Bxf6+ Rxf6 27.Bg4 Bh1 28.Bh3 Rxd1 29.Rxd1 Bd5
30.Re1 Be4 31.Qf4 Nd6 32.Qg5 Qb6 33.Re2 c3 34.Qg7+ Nf7 35.bxc3 Bd3  0-1

[Event "US Amateur Team East"]
[Site "Parsippany NJ USA"]
[Date "2003.02.17"]
[Round "6"]
[White "Zaremba,An"]
[Black "Delaune,R"]
[Result "1/2-1/2"]
[WhiteElo "2343"]
[BlackElo "2351"]

1.c4 c6 2.e4 d5 3.exd5 Nf6 4.Nc3 cxd5 5.d4 g6 6.cxd5 Nxd5 7.Bc4 Nb6 8.Bb3 Bg7
9.Nge2 O-O 10.O-O Nc6 11.d5 Na5 12.Bc2 Nac4 13.b3 Nd6 14.Be3 Bg4 15.f3 Bf5
16.Rc1 Rc8 17.Be4 Qd7 18.Qd3 Rc5 19.a3 Rc7 20.Rfd1 Nxe4 21.fxe4 Bg4 22.Bf4 Rxc3
23.Nxc3 Bxd1 24.Rxd1 Rc8 25.Ne2 Rd8 26.a4 f5 27.d6 exd6 28.exf5 Qxf5 29.Qxf5 gxf5
30.Rxd6 Rxd6 31.Bxd6 Kf7 32.Nf4 a6 33.Kf2 Nd7 34.Ke3  1/2-1/2

[Event "Jersey Open"]
[Site "Jersey JCI"]
[Date "2003.02.18"]
[Round "3"]
[White "Grant,A"]
[Black "Dodgson,J"]
[Result "1-0"]
[WhiteElo "2255"]
[BlackElo "2122"]

1.c4 c6 2.g3 Nf6 3.Bg2 d5 4.Nf3 Bf5 5.Qb3 Qc8 6.cxd5 cxd5 7.Nc3 e6 8.d3 Nc6
9.Bf4 Nh5 10.Bd2 Bd6 11.e4 dxe4 12.dxe4 Bg4 13.e5 Bc7 14.Qa4 Bxf3 15.Bxf3 g6
16.Bxc6+ bxc6 17.Qxc6+ Kf8 18.Qc5+ Kg8 19.O-O f5 20.Rac1 Bb6 21.Qxc8+ Rxc8
22.Na4 Kf7 23.Nxb6 axb6 24.a4 Rhd8 25.Rxc8 Rxc8 26.Rc1  1-0

[Event "Open"]
[Site "Portsmouth ENG"]
[Date "2003.02.22"]
[Round "2"]
[White "Williams,Si"]
[Black "Lock,G"]
[Result "1-0"]
[WhiteElo "2405"]
[BlackElo "2120"]

1.c4 c6 2.Nc3 d5 3.d4 Nf6 4.Nf3 e6 5.Bg5 dxc4 6.e4 b5 7.e5 h6 8.Bh4 g5 9.Nxg5 hxg5
10.Bxg5 Nbd7 11.exf6 Bb7 12.g3 c5 13.d5 Qb6 14.Bg2 O-O-O 15.O-O b4 16.Na4 Qb5
17.a3 exd5 18.axb4 cxb4 19.Qd4 Nc5 20.b3 Nxa4 21.bxc4 Qd7 22.cxd5 Kb8 23.Bf4+ Ka8
24.Rfc1 Rc8 25.Rxc8+ Bxc8 26.d6+ Bb7 27.Bxb7+ Kxb7 28.Qd5+ Kb8 29.Rxa4 Qxa4
30.d7+  1-0

[Event "Open"]
[Site "Cappelle la Grande FRA"]
[Date "2003.02.23"]
[Round "2"]
[White "Staniszewski,Pi"]
[Black "Burmakin,V"]
[Result "0-1"]
[WhiteElo "2449"]
[BlackElo "2575"]

1.c4 c6 2.Nf3 d5 3.e3 Nf6 4.Nc3 a6 5.b4 e6 6.cxd5 exd5 7.a3 Bd6 8.Bb2 Bg4
9.Be2 Nbd7 10.O-O O-O 11.h3 Bxf3 12.Bxf3 Ne5 13.d3 Re8 14.g3 Nxf3+ 15.Qxf3 Be5
16.Na4 Bxb2 17.Nxb2 a5 18.Qf4 Qb6 19.Qd6 Qa6 20.Rfc1 Ra7 21.Kg2 h6 22.a4 axb4
23.Qxb4 Qa5 24.Qxa5 Rxa5 25.Ra3 Rea8 26.Rb3 R8a7 27.Rb4 Ne8 28.Rc3 Nd6 29.Rcb3 Ra8
30.Rb6 Kf8 31.d4 R5a6 32.Kf1 Ke8 33.Ke2 R6a7 34.Kd3 Kd8 35.f3 Kc7 36.R6b4 Re8
37.Nd1 f5 38.g4 Rf8 39.Ke2 f4 40.exf4 Rxf4 41.Ne3 Rf8 42.Nd1 Raa8 43.Re3 Rfe8
44.Nb2 Rxe3+ 45.Kxe3 Re8+ 46.Kd2 Rf8 47.Ke2 b6 48.Rb3 Ra8 49.Kd2 b5 50.axb5 Nxb5
51.Rb4 Ra2 52.Ke3 Kd6 53.Nd3 Ra3 54.Kd2 g5 55.Ke3 Nc7 56.h4 gxh4 57.f4 h3
58.f5 h2 59.Rb1 Ne8 60.Ke2 Nf6 61.Ne5 c5 62.Nf3 Nxg4 63.dxc5+ Kxc5 64.f6 Re3+  0-1

[Event "ch-RUS w 1st League"]
[Site "Serpukhov RUS"]
[Date "2003.02.23"]
[Round "4"]
[White "Tarasova,V"]
[Black "Gagloshvili,R"]
[Result "1/2-1/2"]
[WhiteElo "2096"]
[BlackElo "2224"]

1.c4 c6 2.Nf3 d5 3.b3 Nf6 4.Bb2 Bf5 5.d3 e6 6.g3 Nbd7 7.Bg2 Be7 8.O-O O-O
9.Nh4 Bg4 10.h3 Bh5 11.g4 Ne8 12.Nf3 Bg6 13.Nbd2 Bf6 14.Bxf6 Nexf6 15.Qc2 h6
16.e4 dxe4 17.dxe4 Nc5 18.Ne5 Bh7 19.Rfe1 a5 20.Rad1 Qc7 21.Nd3 Nxd3 22.Qxd3 Rad8
23.Qe2 e5 24.Nf1 Rd4 25.Ng3 Rfd8 26.Nf5 Bxf5 27.exf5 Qd6 28.Bf3 Rxd1 29.Rxd1 Qxd1+
30.Qxd1 Rxd1+ 31.Bxd1 Kf8 32.f3 Ke7 33.Kf2 Kd6 34.Ke3 Kc5 35.a3 Nd7 36.Kd3 b5
37.Kc3 b4+ 38.axb4+ axb4+ 39.Kd3 Kd6 40.Ke3 Nc5 41.Bc2 Ke7 42.h4 f6 43.h5 Kd6
44.Bd1 Nd7 45.Bc2 Kc5 46.Bd3  1/2-1/2

[Event "Open"]
[Site "Cappelle la Grande FRA"]
[Date "2003.02.24"]
[Round "3"]
[White "Jakubiec,A"]
[Black "Zawadzki,S"]
[Result "1/2-1/2"]
[WhiteElo "2532"]
[BlackElo "2363"]

1.c4 c6 2.Nf3 d5 3.e3 Bg4 4.Qb3 Qc7 5.Ne5 Be6 6.d4 Nd7 7.Nxd7 dxc4 8.Qc2 Qxd7
9.Nd2 Nf6 10.Nxc4 g6 11.Ne5 Qc8 12.Bd3 Bg7 13.O-O O-O 14.Bd2 a5 15.f4 Nd7
16.Nxd7 Qxd7 17.f5 gxf5 18.Bxf5 Bxf5 19.Rxf5 Qe6 20.Raf1 b6 21.R1f3 Rad8
22.Bc3 Rd5 23.R5f4 Rg5 24.a4 Rg6 25.Be1 Bf6  1/2-1/2

[Event "4th ch-Asia"]
[Site "Doha QAT"]
[Date "2003.02.25"]
[Round "4"]
[White "Adianto,U"]
[Black "Villamayor,B"]
[Result "1-0"]
[WhiteElo "2562"]
[BlackElo "2489"]

1.c4 c6 2.e4 d5 3.exd5 cxd5 4.d4 Nf6 5.Nc3 e6 6.Nf3 Be7 7.cxd5 Nxd5 8.Bd3 Nc6
9.O-O O-O 10.Qe2 Bf6 11.Qe4 g6 12.Bh6 Re8 13.Rad1 Bd7 14.Ne5 Nxe5 15.dxe5 Bc6
16.Ne2 Bg5 17.Bxg5 Qxg5 18.h4 Qh6 19.Qg4 Red8 20.Bc4 Qg7 21.Qg3 Nb6 22.b3 Nxc4
23.bxc4 Qh6 24.Nf4 Qg7 25.Qe3 b6 26.c5 Bd5 27.Rfe1 bxc5 28.Qxc5 Qf8 29.Qa5 Bb7
30.Qc7 Rxd1 31.Rxd1 Qc8 32.Qe7 Qc2 33.Rd4 Qc6 34.Kh2 Qe8 35.Qxb7  1-0

[Event "10th Metalis Open"]
[Site "Bizovac CRO"]
[Date "2003.02.27"]
[Round "2"]
[White "Saric,A"]
[Black "Miletic,Jos"]
[Result "1/2-1/2"]
[WhiteElo "2350"]
[BlackElo "2171"]

1.c4 c6 2.d4 d5 3.e3 Nf6 4.Nf3 e6 5.Nbd2 Bd6 6.b3 O-O 7.Bd3 Nbd7 8.Bb2 Qc7
9.Rc1 Re8 10.Bb1 g6 11.Qc2 Bf8 12.O-O Bg7 13.Rfe1 b6 14.cxd5 Nxd5 15.Qxc6 Qxc6
16.Rxc6 Nc5 17.dxc5 Bxb2 18.cxb6 axb6 19.Rc2 Bg7 20.Nc4 Ba6 21.a4 b5 22.axb5 Bxb5
23.Nd4 Reb8 24.Rcc1 Bd7 25.Nd2 Rb4 26.N2f3 e5 27.Be4 Ra5 28.Bxd5 Rxd5 29.Nc6 Bxc6
30.Rxc6 Rxb3 31.Rc8+ Bf8 32.Ng5 h6 33.Ne4 Kg7 34.Rc2  1/2-1/2

[Event "6th Open"]
[Site "Malaga ESP"]
[Date "2003.02.27"]
[Round "7"]
[White "Suba,M"]
[Black "Linan Baena,J"]
[Result "1/2-1/2"]
[WhiteElo "2501"]
[BlackElo "2176"]

1.c4 c6 2.e4 d5 3.exd5 cxd5 4.d4 Nf6 5.Nc3 Nc6 6.Bg5 Be6 7.a3 Qd7 8.Bxf6 gxf6
9.c5 Bg4 10.f3 Bh5 11.Bb5 O-O-O 12.Nge2 Bh6 13.g4 Bg6 14.h4 e5 15.h5 exd4
16.Bxc6 bxc6 17.hxg6 dxc3 18.Rxh6 hxg6 19.Rxh8 Rxh8 20.Kf1 cxb2 21.Rb1 Rh1+
22.Ng1 Rh2 23.Qb3 Qb7 24.Qxb7+ Kxb7 25.Ne2 Rh1+ 26.Ng1 Rh2 27.Ne2 Rh1+  1/2-1/2

[Event "ch-Serbia w"]
[Site "Dimitrovgrad YUG"]
[Date "2003.02.28"]
[Round "1"]
[White "Kostic,M"]
[Black "Popovic,J"]
[Result "1/2-1/2"]
[WhiteElo "2158"]
[BlackElo "2042"]

1.c4 c6 2.Nc3 d5 3.cxd5 cxd5 4.d4 Nf6 5.Bf4 Nc6 6.Nf3 Ne4 7.e3 Nxc3 8.bxc3 g6
9.Bd3 Bg7 10.O-O O-O 11.Rb1 b6 12.Nd2 Bb7 13.c4 dxc4 14.Nxc4 Qd5 15.f3 Rad8
16.Qa4 Qd7 17.Rfd1 Ba8 18.Be2 e6 19.Nd6 Na5 20.Bb5 Qe7 21.Qb4 Nc6 22.Bxc6 Bxc6
23.Rdc1 Ba8 24.Nb5 Qxb4 25.Rxb4 Rd7 26.a4 f6 27.Bc7 Rff7 28.Rbc4 Bf8 29.Bb8 a6
30.Nc7 Bd5 31.R4c3 Bb4 32.Nxd5 exd5 33.Rb3 a5 34.Rc6 Rb7 35.Bd6 b5 36.axb5 Rxb5
37.Bxb4 axb4 38.Kf2  1/2-1/2

[Event "FSIMB March"]
[Site "Budapest HUN"]
[Date "2003.03.01"]
[Round "1"]
[White "Lamprecht,M"]
[Black "Gonda,L"]
[Result "0-1"]
[WhiteElo "2263"]
[BlackElo "2317"]

1.c4 c6 2.Nc3 d5 3.e3 Nf6 4.Nf3 e6 5.Be2 Nbd7 6.O-O Bd6 7.d4 O-O 8.Qc2 dxc4
9.Bxc4 h6 10.b3 b5 11.Be2 Qe7 12.Bb2 Bb7 13.Ne4 Nxe4 14.Qxe4 f5 15.Qd3 a6
16.a4 bxa4 17.bxa4 c5 18.Ba3 Rfd8 19.Rfd1 Nf6 20.Qc2 Be4 21.Qc1 cxd4 22.Bxd6 Rxd6
23.Rxd4 Rc6 24.Rc4 Rxc4 25.Qxc4 Bd5 26.Qd4 Qb7 27.Rc1 Rc8 28.Rxc8+ Qxc8 29.Qb2 Ne4
30.h3 a5 31.Bb5 Nc3 32.Nd4 Qc7 33.Bc6 Nd1 34.Qc2 Bxc6 35.Nxc6 Nb2 36.Qc5 Kh7
37.Qb5 Nd3 38.Qc4 Nb4 39.Nxa5 Qxa5 40.Qxe6 Nd3 41.f4 Qc5 42.Kh2 Nf2 43.g4 fxg4
44.hxg4 Qc2 45.Kg3 Nd1 46.Kh3 Qd3 47.f5 Qf1+ 48.Kg3 Qg1+ 49.Kf4 Qf2+ 50.Ke5 Qxe3+
51.Kd6 Qd4+ 52.Kc7 Qxa4 53.Qg6+ Kh8 54.Qd6 Qxg4  0-1

[Event "6th Open"]
[Site "Malaga ESP"]
[Date "2003.03.01"]
[Round "9"]
[White "Collas,D"]
[Black "Wempe,Jo"]
[Result "1-0"]
[WhiteElo "2422"]
[BlackElo "2313"]

1.c4 c6 2.Nf3 d5 3.e3 Nf6 4.Qc2 e6 5.b3 Bd6 6.Bb2 O-O 7.Nc3 Nbd7 8.Be2 Re8
9.O-O a6 10.d4 dxc4 11.Bxc4 c5 12.Rad1 cxd4 13.Rxd4 Bc5 14.Rh4 h6 15.Rd1 b5
16.Ne4 Be7 17.Be2 Bb7 18.Nxf6+ Bxf6 19.Bxf6 Qxf6 20.Rxd7 Bxf3 21.Rf4 Rec8
22.Qb1 Qxf4 23.exf4 Bxe2 24.f3 Rd8 25.Qe4 Rxd7 26.Qxa8+ Kh7 27.Qe4+  1-0

[Event "ch-Serbia"]
[Site "Dimitrovgrad YUG"]
[Date "2003.03.03"]
[Round "4"]
[White "Nestorovic,De"]
[Black "Pavlovic,SD"]
[Result "1-0"]
[WhiteElo "2397"]
[BlackElo "2379"]

1.c4 c6 2.Nf3 d5 3.e3 Nf6 4.b3 e6 5.Bb2 Nbd7 6.Qc2 Bd6 7.Nc3 O-O 8.Be2 Re8
9.O-O Qe7 10.e4 Nxe4 11.Nxe4 dxe4 12.Qxe4 e5 13.Rfe1 Nc5 14.Qc2 e4 15.Bf1 Bf5
16.b4 Ne6 17.c5 Bc7 18.Nd4 Nxd4 19.Bxd4 a5 20.b5 cxb5 21.Qb2 Qg5 22.Bxb5 Re6
23.g3 Rd8 24.Bc4 Re7 25.Be3 Qg6 26.Rab1 h5 27.Bf1 h4 28.Bg2 Red7 29.Qc2 Be5
30.Rb6 Bf6 31.Qb3 hxg3 32.hxg3 Rd3 33.Qc4 R8d7 34.Qb5 Qg4 35.Rxb7 Rd8 36.c6 Bd4
37.c7 Rc8 38.Rb8 Bxe3 39.dxe3 Rd2 40.Rxc8+ Bxc8 41.Qe8+ Kh7 42.Qxe4+ Qxe4
43.Bxe4+ f5 44.Bb1 g6 45.Rc1 Kg7 46.Bc2 Kf6 47.Bb3 a4 48.Rd1 Rb2 49.Bxa4 Rxa2
50.Bd7 Bxd7 51.Rxd7 Rc2 52.Kf1 g5 53.Ke1 Ke6 54.Rg7 f4 55.exf4 gxf4 56.gxf4 Kf5
57.Kd1 Rc6 58.Kd2 Kxf4 59.Kd3 Ke5 60.f4+ Kd5 61.Rg5+ Kd6 62.Rg6+ Kxc7 63.Rxc6+ Kxc6
64.Ke4 Kd7 65.Kf5 Ke8 66.Kf6  1-0

[Event "1st Breizh Masters"]
[Site "Guingamp FRA"]
[Date "2003.03.03"]
[Round "4"]
[White "Terrieux,K"]
[Black "Mullon,J"]
[Result "1/2-1/2"]
[WhiteElo "2212"]
[BlackElo "2313"]

1.c4 c6 2.Nf3 Nf6 3.e3 d5 4.b3 Bg4 5.Bb2 e6 6.h3 Bh5 7.Be2 Nbd7 8.cxd5 exd5
9.g4 Bg6 10.d3 Qa5+ 11.Nbd2 Ba3 12.Bxa3 Qxa3 13.g5 Ng8 14.Nh4 Ne7 15.Qc1 Qb4
16.Nxg6 hxg6 17.a3 Qb6 18.Qb2 Nf5 19.O-O-O O-O-O 20.Kb1 Kb8 21.Rc1 Rde8 22.Bg4 Ne5
23.Bxf5 gxf5 24.Qc3 Qa6 25.d4 Ng6 26.b4 Re6 27.Nb3 b6 28.Kb2 Rh4 29.Rce1 Rh5
30.f4 Nh4 31.Nc1 Qc4 32.Re2 Rh8 33.Qxc4 dxc4 34.Kc3 b5 35.Rg1 Kc7 36.Rg3 Ng6
37.Rf3 Ne7 38.Kd2 a5 39.Na2 axb4 40.Nxb4 Ra8 41.Nc2 Nd5 42.Re1 Kd6 43.Rb1 Re7
44.h4 Rea7 45.h5 Rxa3 46.Nxa3 Rxa3 47.Ke1 c3 48.h6 gxh6 49.gxh6 b4 50.h7 Ra8
51.Kd1 c5 52.Rh3 Rh8 53.dxc5+ Kxc5 54.Kc2 Kc4 55.Rb3 Nf6 56.Rb1 Rxh7 57.Rxh7 Nxh7
58.Rd1 b3+ 59.Kc1 c2 60.Rd7 Nf6 61.Rc7+ Kd3 62.Rb7 Kc3 63.Rc7+ Kd3 64.Rb7  1/2-1/2

[Event "Edda Rapid"]
[Site "Reykjavic ISL"]
[Date "2003.03.03"]
[Round "1"]
[White "Einarsson,E"]
[Black "Bergsson,Sn"]
[Result "1/2-1/2"]
[WhiteElo "2096"]
[BlackElo "2277"]

1.c4 c6 2.e4 e5 3.Nc3 Nf6 4.g3 Bc5 5.Bg2 Na6 6.Nge2 Nc7 7.Qb3 Ng4 8.Nd1 Ne6
9.Ne3 Nh6 10.O-O O-O 11.Qd3 d6 12.a3 a5 13.b3 f5 14.exf5 Nd4 15.Bb2 Nhxf5
16.Be4 Qg5 17.Nxd4 Bxd4 18.Bxd4 Nxd4 19.Nc2 Nxc2 20.Qxc2 Bh3 21.Bg2 Bf5 22.Be4 Bh3
23.Bg2 Bxg2 24.Kxg2 Rf4 25.Rae1 Rd4 26.d3 Rf8 27.Re4 Rf4 28.Qe2 Rfxe4 29.dxe4 Rd2
30.Qe1 Rb2 31.Qc3 Qd2 32.Qxd2 Rxd2 33.Re1 Kf7 34.Re3 Ke7  1/2-1/2

[Event "Edda Rapid"]
[Site "Reykjavic ISL"]
[Date "2003.03.03"]
[Round "1"]
[White "Steindorsson,S"]
[Black "Sigfusson,S"]
[Result "0-1"]
[WhiteElo "2210"]
[BlackElo "2381"]

1.c4 c6 2.Nf3 d5 3.b3 Nf6 4.g3 Bg4 5.Ne5 Bf5 6.Bb2 e6 7.Bg2 Bd6 8.O-O h5
9.h3 Qc7 10.d4 Nbd7 11.f4 Ne4 12.Kh2 f6 13.Nxd7 Qxd7 14.Nd2 O-O-O 15.Nxe4 dxe4
16.Qc2 e3 17.Qc3 g5 18.Qxe3 h4 19.g4 gxf4 20.Rxf4 Bg6 21.d5 exd5 22.cxd5 Rde8
23.Qf2 Bxf4+ 24.Qxf4 Rxe2 25.Qxf6 Rhe8  0-1

[Event "Spring Festival GM"]
[Site "Bucharest ROM"]
[Date "2003.03.04"]
[Round "2"]
[White "Mateuta,G"]
[Black "Svetushkin,D"]
[Result "0-1"]
[WhiteElo "2402"]
[BlackElo "2542"]

1.c4 c6 2.Nf3 Nf6 3.e3 d5 4.Qc2 Nbd7 5.Nc3 e6 6.b3 a6 7.d4 Bd6 8.Be2 O-O
9.O-O e5 10.cxd5 cxd5 11.dxe5 Nxe5 12.Bb2 Be6 13.Rad1 Rc8 14.Qb1 Qc7 15.Ng5 h6
16.Nxe6 fxe6 17.h3 Qf7 18.Qa1 Ng6 19.Bd3 Nh4 20.Ne2 Qh5 21.Nf4 Qg5 22.g3 Rce8
23.Qb1 Kh8 24.Kh1 Bxf4 25.exf4 Qh5 26.f3 Nxf3 27.Kg2 e5 28.Bg6 Nh4+ 29.gxh4 Qxh4
30.Bxe5 Ng4 31.Bxe8 Ne3+ 32.Kh2 Ng4+ 33.Kg2 Ne3+ 34.Kf3 Qxh3+ 35.Ke2 Ng4
36.Qd3 Qh2+ 37.Ke1 Rxe8 38.Rd2 Nxe5 39.Rxh2 Nxd3+ 40.Kd2 Nc5 41.Rh5 Ne4+
42.Kd3 Ng3 43.Rfh1 Nxh1 44.Rxh1 Re4 45.Rc1 Rxf4  0-1

[Event "Victor Ciocaltea Mem"]
[Site "Bucharest ROM"]
[Date "2003.03.06"]
[Round "3"]
[White "Czebe,A"]
[Black "Ionescu,M"]
[Result "1-0"]
[WhiteElo "2466"]
[BlackElo "2414"]

1.c4 c6 2.e4 d5 3.exd5 Nf6 4.d4 cxd5 5.Nc3 e6 6.Nf3 Be7 7.Bg5 O-O 8.a3 b6
9.Bxf6 Bxf6 10.cxd5 exd5 11.Be2 Ba6 12.Bxa6 Nxa6 13.O-O Qd7 14.Qd3 Nc7 15.Ne5 Bxe5
16.dxe5 Rad8 17.Rad1 f6 18.exf6 Rxf6 19.Ne4 Rg6 20.Ng3 Ne6 21.Rfe1 Nc5 22.Qd4 Ne6
23.Qh4 Rf8 24.Qb4 Qf7 25.Rd2 Nc5 26.Re3 Rf6 27.f3 Re6 28.Rxe6 Qxe6 29.Qd4 Qe1+
30.Nf1 Rd8 31.Rd1 Qe6 32.b4 Na6 33.Ng3 Nc7 34.Nh5 Qf7 35.Ng3 Re8 36.Rc1 Rd8
37.Qe5 Ne8 38.Nf5 Qf6 39.Qxf6 gxf6 40.Kf2 Kf7 41.Ke3 Ke6 42.Kf4 d4 43.Re1+ Kf7
44.Re7+ Kf8 45.Rxa7 d3 46.Ne3 d2 47.Nd1 Rd3 48.Ke4 Rb3 49.Rd7 Rxa3 50.Rxd2 Ra4
51.Rd4 Ra2 52.Ne3 Re2 53.Kf4 Nc7 54.Rd6 Ke8 55.Rxb6 Kd7 56.Rxf6 Rxe3 57.Kxe3 Nd5+
58.Kd4 Nxf6 59.Ke5 Ke7 60.h4 Nd7+ 61.Kf5 Nb6 62.g4 Nc4 63.h5 Nd6+ 64.Ke5 Nc4+
65.Kd4 Nd2 66.f4 Nf3+ 67.Ke4 Nd2+ 68.Kd5 Nf1 69.g5 Ng3 70.h6 Nf5 71.b5 Ne3+
72.Kc5 Nf5 73.b6  1-0

[Event "FSIMA March"]
[Site "Budapest HUN"]
[Date "2003.03.06"]
[Round "6"]
[White "Habibi,Al"]
[Black "Jakab,A"]
[Result "1/2-1/2"]
[WhiteElo "2276"]
[BlackElo "2358"]

1.c4 c6 2.Nf3 d5 3.b3 Nf6 4.Bb2 Bf5 5.Nh4 Bg6 6.d3 e6 7.g3 dxc4 8.bxc4 Bc5
9.Qb3 Qb6 10.Qxb6 axb6 11.e3 Na6 12.a3 O-O 13.Nxg6 hxg6 14.h4 Be7 15.d4 Nc7
16.Be2 Ra5 17.O-O Rfa8 18.Rd1 Ne4 19.Bd3 Nd6 20.e4 Nc8 21.f4 f6 22.Kf1 Nd6
23.g4 Nf7 24.g5 e5 25.dxe5 fxe5 26.Bc3 R5a7 27.fxe5 Ne6 28.Bc2 Nfd8 29.Kg2 Nf4+
30.Kh2 Nde6 31.a4 Kh7 32.Bd2 Rd8  1/2-1/2

[Event "1st Festival"]
[Site "Nancy FRA"]
[Date "2003.03.06"]
[Round "6"]
[White "Taddei,B"]
[Black "Wirig,A"]
[Result "1/2-1/2"]
[WhiteElo "2320"]
[BlackElo "2347"]

1.c4 c6 2.g3 d5 3.Bg2 Nf6 4.Nf3 Bg4 5.Ne5 Be6 6.d4 g6 7.O-O Bg7 8.cxd5 Bxd5
9.f3 Nfd7 10.Nxd7 Qxd7 11.Re1 Be6 12.e3 Na6 13.Nc3 Rd8 14.Qa4 c5 15.Qxd7+ Rxd7
16.dxc5 Nxc5 17.Bf1 O-O 18.e4 Nd3 19.Bxd3 Rxd3 20.Be3 b6 21.a4 Rxc3 22.bxc3 Bxc3
23.a5 Bxe1 24.Rxe1 bxa5 25.Ra1 a6 26.Rxa5 Bc4 27.Rc5 Bb5 28.Rc7 Re8 29.Ra7 Kg7
30.e5 f6 31.e6 g5 32.Bc5 Kg6 33.g4 f5 34.Rxe7 Rc8 35.Bd4 Rc1+ 36.Kf2 Rc2+
37.Kg1 fxg4 38.fxg4 Rc4 39.Bh8 Rxg4+ 40.Kf2 h5 41.Rb7 Re4 42.e7 Kf7 43.Ra7 Rxe7
44.Rxe7+ Kxe7 45.Ke3 Ke6 46.Kd4 h4 47.Be5 Kf5 48.Bc7 Be2 49.Kc3 g4 50.Kb2 Ke4
51.Ka1 a5 52.Bb8 a4 53.Bc7 Bc4 54.Bb8 a3 55.Bc7 Kf3 56.Bb8 a2 57.Bc7 Bd5
58.Bb8 Be4 59.Kxa2 Bb1+ 60.Kxb1 g3 61.Bxg3 hxg3 62.hxg3 Kg4  1/2-1/2

[Event "Victor Ciocaltea Mem"]
[Site "Bucharest ROM"]
[Date "2003.03.08"]
[Round "5"]
[White "Czebe,A"]
[Black "Murariu,A"]
[Result "1-0"]
[WhiteElo "2466"]
[BlackElo "2361"]

1.c4 c6 2.e4 d5 3.cxd5 cxd5 4.exd5 Nf6 5.Bb5+ Bd7 6.Bc4 b5 7.Bb3 a5 8.a4 b4
9.d4 Bc8 10.Bg5 Nxd5 11.Nd2 g6 12.Ngf3 Bg7 13.O-O Nc6 14.Rc1 Bb7 15.Ne4 Rc8
16.Qe2 O-O 17.Qb5 Nb6 18.d5 Ne5 19.Nxe5 Bxe5 20.Be3 Rxc1 21.Rxc1 Nxd5 22.Rd1 Qc7
23.Bxd5 Rd8 24.Ng3 Bc6 25.Qc5 Bxd5 26.Rxd5 Rxd5 27.Qxd5 Bxb2 28.Bh6 Qb8 29.Qxa5 Be5
30.Qb5 Qxb5 31.axb5 b3 32.Ne4 f5 33.Nd2 b2 34.Be3  1-0